European arrest warrant. European implementation assessment

Detalles Bibliográficos
Autor principal: van Ballegooij, Wouter
Formato: eBook
Lenguaje:inglés
Publicado: Bruselas: European Union Publications Office, 2020
Materias:
Acceso en línea:Acceso restringido

MARC

LEADER 00000nam a22000007a 4500
005 20211025213516.0
007 cr|||| ||||
008 211025s2020 eu |||||s|||| 00||0 eng d
020 |a 978-92-846-6716-1 
035 |a 34426 
040 |a vLex 
090 |c 12604  |d 12604 
100 1 |a van Ballegooij, Wouter 
245 1 0 |a European arrest warrant. European implementation assessment  |h [Recurso electrn̤ico] /  |c Wouter van Ballegooij 
256 |a Servicio en ln̕ea 
260 |a Bruselas:  |b European Union Publications Office,  |c 2020 
300 |a 1 recurso electrn̤ico 
500 |a On 6 November 2019, the European Parliament's Committee on Civil Liberties, Justice and Home Affairs (LIBE) requested authorisation to draw up an own initiative implementation report on the Council Framework Decision on the European Arrest Warrant and the surrender procedures between Member States (FD EAW, 2002/584/JHA). The Conference of Committee Chairs gave its authorisation on 26 November. This triggered the automatic production of a European implementation assessment by the Ex-Post Evaluation Unit of the Directorate for Impact Assessment and European Added Value, Directorate-General for Parliamentary Research Services (EPRS).This study is the second of two publications produced in this context. It presents conclusions on the implementation of the FD EAW and recommendations as to how to address the shortcomings identified, as per the request of the rapporteur. Both publications are intended to contribute to the Parliament's discussions on this topic, improving understanding of the subject, and ultimately feeding into the implementation report. 
506 1 |a Disponible solo en los productos indicados  |d vLex Global  |d vLex Global (Academic Edition, excluding Law Schools)  |d vLex Global (Academic Edition, excluding Law Schools) vLex Global (U.S. Academic Edition, Law Schools)  |d vLex Global (U.S. Academic Edition, excluding Law Schools)  |d vLex Global (Academic Edition, Law Schools) 
650 0 4 |a Derecho Comunitario  |z Unin̤ Europea 
740 0 |a vLex Libros (Servicio en ln̕ea) 
856 4 0 |u https://app.vlex.com/#/sources/34426  |z Acceso restringido 
942 |c BOOK 
999 0 |a Community Law